La invención de la tradición

Uloženo v:
Podrobná bibliografie
Hlavní autoři: Hobsbawm, Eric J (Autor), Ranger, Terence (Autor)
Médium: Kniha
Jazyk:španělština
Vydáno: Barcelona Crítica 2002
Edice:Libros de Historia
Témata:
Tagy: Přidat tag
Žádné tagy, Buďte první, kdo vytvoří štítek k tomuto záznamu!

MARC

LEADER 00000nam a2200000 a 4500
001 UCL6984
003 CL-VaPUC
008 040423e20020000SP |||||||||||||||||spa|d
020 |a 8484323501 
082 0 4 |a 390  |b HOB  |2 21 
100 |a Hobsbawm, Eric J  |e author  |9 484887 
700 0 |a Ranger, Terence  |e author  |9 484676 
245 1 3 |a La invención de la tradición 
300 |a 318 p 
942 |c BK 
945 |d 20040423 00:00:00  |a cmena 
260 |a Barcelona  |b Crítica  |c 2002 
650 0 |a Costumbres y tradiciones   |9 268292 
650 7 |a FOLKLORE  |2 CL-VaPUC  |9 268291 
650 0 |a Ritos y ceremonias   |9 326995 
583 |a last modification  |c 20040423 00:00:00  |k Rodrigo Vera 
490 0 |a Libros de Historia 
999 |c 308857  |d 308855 
952 |0 0  |1 0  |4 0  |6 390_000000000000000_HOB_2002  |7 0  |8 A  |9 375759  |a BIBHIS  |b BIBHIS  |d 2019-11-21  |i 4010884  |l 4  |o 390 HOB 2002  |p 4010884  |r 2025-04-21  |s 2025-04-21  |w 2019-11-21  |y BK  |k HIS 
952 |0 0  |1 0  |4 0  |6 390_000000000000000_HOB_2002  |7 0  |8 A  |9 375760  |a BIBEDU  |b BIBEDU  |d 2019-11-21  |i 4036573  |o 390 HOB 2002  |p 4036573  |r 2019-11-21  |w 2019-11-21  |y BK  |k PSI